000 00774nas a2200265 4500
001 BR8000015
003 BR-BrBNA
005 20231205084054.0
007 ta
008 230509b bl.|||p| |||| 00| 00por d
040 _aBR-BrBNA
_bpor
_cBiblioteca Nacional de Agricultura
041 _a(Pt)
072 _aF00; E70
100 1 _aRodrigues, M.
245 1 _aAlho com toalete tem melhor mercado [Allium sativum; Brasil]
650 _aProducao vegetal
650 _aComercializacao
650 _aAlho
650 _aPratica cultural
650 _aColheita
650 _aControle de qualidade
773 0 _tAgricultura de Hoje (Brazil)
_xISSN 0100-5707
_g(Jul 1979), v. 5(50) p. 46-49
_wBR8000015
909 _a202311
_bLúcia
_c55
_dLúcia Elande
942 _2AGRIS
_n0
_cANA
999 _c102968
_d102968